000 00445nam a2200169 a 4500
001 0000-8643
003 ELIB.Books
008 110520 1916
035 _a(ELIB.Books)0000-8789
082 _a220.95
_bKen
100 _aKent, Charles Foster
245 _aThe Work and Teachings of the Apostles
260 _bNew York: Charles Scribner's Sons
_c1916
650 _aBible
942 _2ddc
_cBK
998 _cbat
_e2011-05-20
999 _c8643
_d8643